000 00574nam a2200229Ia 4500
003 OSt
005 20221005114103.0
006 a|||||r|||| 00| 0
007 ta
008 221004b |||||||| |||| 00| 0 mal d
024 _a56319
037 _cTextual
040 _aCRL
_cCRL
_bmal
041 _2mal
_amal
082 _aO32,2NBV,3, J1
100 _aBrhmavarthan Au.
_9625429
245 0 _aAnarkkodi
260 _c1951
650 _aMALAYALAM DRAMA
_9207189
942 _hO32,2NBV,3, J1
_cTEXL
_2cc
999 _c1030203
_d1030203